000 00735nam a2200241Ia 4500
003 OSt
005 20220928130013.0
006 a|||||r|||| 00| 0
007 ta
008 220927b |||||||| |||| 00| 0 eng d
024 _a48834
037 _cTextual
040 _aSDCL
_cSDCL
_beng
041 _2eng
_aeng
082 _aXM8:327.1'P, P5
100 _aBannert-Thurner Valerie
_9472464
245 0 _aMastering the acquirer's innovation dilemma
_bKnowledge sourcing through corporate acquisitions
260 _aNew York
_b Palgrave Macmillan
_c2005
300 _axx,285p
_ccm.
650 _aInnovation Mnc
942 _hXM8:327.1'P, P5
_cTEXL
_2CC
999 _c785047
_d785047